| 000 | 00727nam a22002297a 4500 | ||
|---|---|---|---|
| 005 | 20260126065934.0 | ||
| 008 | 260126b |||||||| |||| 00| 0 eng d | ||
| 020 | _a978-0-7944-3491-5 | ||
| 082 | _aFic. L933 2015 | ||
| 100 |
_aLucas, George _9106 |
||
| 245 |
_aDarth Vader: _bthe dark lord / _cGeorge Lucas; design by Luciana Frigerio |
||
| 260 |
_aWhite Plains, NY: _bStudio Fun Books, _cc2015 |
||
| 300 |
_a[432]p. _bill. |
||
| 490 |
_aArtfold classic editions series; _v6 |
||
| 541 | _e7850 c.1 | ||
| 650 |
_aScience fiction _964 |
||
| 650 |
_aStar Wars - Characters _9107 |
||
| 650 |
_aFictional characters _9108 |
||
| 650 |
_aFantasy fiction _962 |
||
| 650 |
_aArtfold _9109 |
||
| 700 |
_aFrigerio, Luciana _edesigner _9110 |
||
| 999 |
_c2473 _d2473 |
||